... The Devonian fauna of the Ouray limestone, (Record no. 24871)

MARC details
000 -LEADER
fixed length control field 00847cam a22002531 4500
001 - CONTROL NUMBER
control field gs 09000432
003 - CONTROL NUMBER IDENTIFIER
control field DLC
005 - DATE AND TIME OF LATEST TRANSACTION
control field 20260227111309.0
008 - FIXED-LENGTH DATA ELEMENTS--GENERAL INFORMATION
fixed length control field 760210s1909 xx 000 0 eng
010 ## - LIBRARY OF CONGRESS CONTROL NUMBER
LC control number gs 09000432
035 ## - SYSTEM CONTROL NUMBER
System control number (OCoLC)1981376
040 ## - CATALOGING SOURCE
Original cataloging agency DLC
Transcribing agency IDeKN
Modifying agency OCoLC
-- DLC
042 ## - AUTHENTICATION CODE
Authentication code premarc
050 00 - LIBRARY OF CONGRESS CALL NUMBER
Classification number QE75
Item number .B9 no. 391
100 1# - MAIN ENTRY--PERSONAL NAME
Personal name Kindle, E. M.
Fuller form of name (Edward Martin),
Dates associated with a name 1869-1940.
245 18 - TITLE STATEMENT
Title ... The Devonian fauna of the Ouray limestone,
Statement of responsibility, etc. by E. M. Kindle ...
260 ## - PUBLICATION, DISTRIBUTION, ETC.
Place of publication, distribution, etc. Washington,
Name of publisher, distributor, etc. Govt. print. off.,
Date of publication, distribution, etc. 1909.
300 ## - PHYSICAL DESCRIPTION
Extent 60 p.
Other physical details x pl.
Dimensions 23 1/2 cm.
490 0# - SERIES STATEMENT
Series statement U.S. Geological survey. Bulletin 391
500 ## - GENERAL NOTE
General note At head of title: Department of the Interior.
500 ## - GENERAL NOTE
General note Issued also as House doc. 1551, 60th Cong., 2d sess.
650 #0 - SUBJECT ADDED ENTRY--TOPICAL TERM
Topical term or geographic name entry element Paleontology
Geographic subdivision Colorado
-- Ouray.
650 #0 - SUBJECT ADDED ENTRY--TOPICAL TERM
Topical term or geographic name entry element Paleontology
Chronological subdivision Devonian.

No items available.

Powered by Koha